00844cam a22002531 4500999001500000001000900015003000400024005001700028008004100045010001700086040001800103050001700121082001700138100002200155245002400177260005000201300002700251600002200278650005700300650005400357906004500411942001200456952012200468 c6548d654815154603OSt20190117133709.0080125s1954 enka 000 0 eng  a 56043675  aDLCcDLCdDLC00aD805.G3bT47 a940.5bT289P1 aTen Boom, Corrie.12aA prisoner and yet. aLondon,bChristian Literature Crusadec[1954] a160 p.billus.c19 cm.10aTen Boom, Corrie. 0aWorld War, 1939-1945xPrisoners and prisons, German. 0aWorld War, 1939-1945vPersonal narratives, Dutch. a7bcbccpremverduencipf19gy-gencatlg 2ddccBK 00102ddc40708NFICaHMCbHMCcGENd2019-01-17g950.00l0o940.5 T289Pp007315r2019-01-17 00:00:00w2019-01-17yBK